000 01041nam a22001937a 4500
008 231206s2023 xxk|||||o|||| 00| 0 eng d
041 _aeng
110 _aRoyal Institution of Chartered Surveyors
245 _aRICS influence, advocacy and thought leadership across the UK
_bImpact Report 2023
_h[Electronic resource]
260 _aLondon,
_bRoyal Institution of Chartered Surveyors,
_cDecember 2023
300 _a55p
490 _aRICS Impact Report
520 _aThroughout 2023, meetings have taken place with influential stakeholders, with RICS capitalising on its power as a convener to bring members together with policy decision makers, client organisations and wider built environment professions. This impact report is a summary of the highlights of 2023.
651 _aUnited Kingdom
690 _96277
_aRICS
710 _aRoyal Institution of Chartered Surveyors
856 _uhttps://www.rics.org/content/dam/ricsglobal/documents/reports/rics-uk-influence-impact-report-2023.pdf
_zAvailable free on RICS.org
942 _n0
999 _c121726
_d121726